00585nam a22001697a 450000500170000001000150001702000260003203500140005803700130007208200180008510000240010324501160012726000380024327000620028130000330034350000390037620180824114946.0 aENG-123757 a9788178245348c595.00 aEN-107289 bDBAD/PUB a333.954160954 aGhazala Shahabuddin aConservation at the crossroads:cby Ghazala Shahabuddinbscience, society, and the future of india's wildlife / aRanikhet bPermanent Black c2017 aHimalayana, Mall Road, Ranikhet Cantt. bRanikhete263645v axxiv,244p. c21cm(pbk)bill. aIt includes bibliography and index